| 000 | 00998nam a22002537a 4500 | ||
|---|---|---|---|
| 005 | 20240530110348.0 | ||
| 008 | 141211s2010 su f f |||| 000 0 ara d | ||
| 020 | _a9772580160 | ||
| 040 | _aEG-CaGPL | ||
| 041 | 0 | _aara | |
| 082 | 0 | 4 |
_221 _a634\ _bت ب |
| 100 | 1 | _aتشاندلر ، وليام هنرى | |
| 245 | 1 | 0 |
_aبساتين الفاكهة مستديمة الخضرة = Evergreen Orchards / _bتاليف وليام هنرى تشاندلر ؛ ترجمة غازى ابراهيم البنا ، عبدالعال حجازى |
| 250 | _aط3 | ||
| 260 |
_aالقاهرة : _bالدار العربية للنشر و التوزيع ، _c2010 |
||
| 300 |
_a509 ص: _bصور ؛ _c24 سم |
||
| 650 | 0 | 4 | _aالبساتين |
| 650 | 0 | 4 | _aفلاحة البساتين |
| 650 | 0 | 4 | _aالفواكهة |
| 700 | 0 |
_aغازى ابراهيم البنا _eمترجم |
|
| 700 | 0 |
_aعبدالعال حجازى _eمترجم مشارك |
|
| 942 |
_2ddc _cBK |
||
| 999 |
_c60006 _d60006 |
||